| 000 | 00650nam a22002657a 4500 | ||
|---|---|---|---|
| 003 | UA-OsUOA | ||
| 001 | 31051 | ||
| 007 | ta | ||
| 008 | 20041125b un ||||| |||| 00| 0 ukr d | ||
| 100 | _aБогданов Е. Н. | ||
| 700 | _aЗазыгин В. Г. | ||
| 090 |
_a159.9 _bБ73 |
||
| 942 | _cBK | ||
| 040 |
_aUA-OsUOA _brus _cUA-OsUOA _dUA-OsUOA |
||
| 245 | _aПсихологические основы "Паблик рилейшнз" | ||
| 300 | _a204 с. | ||
| 955 | _a0 | ||
| 041 | _arus | ||
| 080 | _a159.9 | ||
| 020 | _a5-88782-382-8 | ||
| 260 |
_aСпб _bПитер _c2004 |
||
| 044 | _aRU | ||
| 650 | 7 | _2UDC | |
| 999 |
_c317472 _d317472 |
||